000
00248nam a2200109Ia 4500
008
200302s9999 xx 000 0 und d
100
_a
Paul K. Knox
245
_a
Urbanization
260
_b
Pearson Eduction Ltd,.
260
_c
2007
300
_a
630 P.,
999
_c
5024
_d
5024